| 000 | 00714cam a22002657a 4500 | ||
|---|---|---|---|
| 003 | CHAP | ||
| 005 | 20220329133653.0 | ||
| 008 | 971013s1966 r 00010 d | ||
| 010 | _a9298 | ||
| 011 | _a10270 | ||
| 035 | _a9507 | ||
| 040 | _cCHAP | ||
| 082 |
_a970.3 _bA2 |
||
| 100 | 0 | 0 |
_aAberle, David F. _9214 |
| 245 | 1 | 4 | _aThe peyote religion among the Navaho |
| 260 |
_aChicago : _bAldine, _c1966 |
||
| 300 |
_a454 p. _b: láms. |
||
| 590 |
_aBATCH-UPD _b10 _c20130110 _lUCH01 _h1536 |
||
| 590 |
_aCONVERSION _b10 _c20130109 _lUCH01 _h1306 |
||
| 650 | 1 | 4 |
_aNavahos. _980497 |
| 650 | 1 | 4 |
_aPeyote. _987711 |
| 901 | _aBK | ||
| 942 | _cLIBRO | ||
| 949 |
_a970.3 A2 _bBC _cLIBRO _d33724000282208 _eLIBRO _h17150 _i9507 _si |
||
| 999 |
_c9298 _d9298 |
||